[Event "Rooks-Tyros"]
[Site "?"]
[Date "1998.12.09"]
[Round "?"]
[White "Benedek, R"]
[Black "Stein, Peter"]
[Result "0-1"]
[WhiteElo "2164"]
[BlackElo "2221"]
[PlyCount "176"]
[EventDate "1998.??.??"]

1. d4 f5 2. Nf3 Nf6 3. g3 e6 4. Bg2 d5 5. c4 c6 6. Nbd2 Bd6 7. O-O 7... O-O { }
8. b3 Bd7 9. Bb2 Be8 10. Ne5 Bh5 11. Ndf3 { } 11... Bxf3 (11... Ne4 {
idea -g5 & Qf6}) 12. exf3 $1 {
Now the center remains blocked and White attempts to pile up on backward Pd6}
12... Nbd7 13. f4 Qe7 14. f3 Kh8 15. Re1 Rae8 16. Kh1 g6 17. Rc1 Qg7 18. Rc2
18... Nh5 { } 19. Bf1 Ndf6 20. Bd3 20... Qh6 { threat Nxg3+} 21. Rg2 {
Kg2 would allow immediate Rcd2, but then Rg8 & g5 may open up the King.} 21...
Qg7 22. Bc1 {stopping -g5} 22... Ng8 23. cxd5 23... exd5 {
Finally an open file!} 24. Bd2 Re7 25. b4 a6 26. a3 Qf6 27. Bc3 { } 27... Ng7
28. Qd2 Ne6 29. Rge2 Rfe8 30. h4 Nh6 31. Kg2 { } 31... Bb8 32. a4 Ba7 33. Bb1 {
} 33... Nf7 34. Nxf7+ Qxf7 35. Re5 Bb8 36. R5e2 36... Ng7 { With major pieces
off, Black should be able to make a passer. Could he get it advanced against
the B-pair? White decides to go another way...} 37. Re5 {Probably judging the
closed center stops any R action, the e passer may become a threat, and
setting up a superb finish!} 37... Bxe5 38. fxe5 Ne6 39. f4 { } 39... Nf8 40.
a5 Ne6 41. Bd3 Nc7 42. Kf2 42... Nb5 { } 43. Bb2 {
keeping B to watch his Ps!  -h6 then -g5 could open things up} 43... Qe6 44.
Ra1 h6 45. Rh1 Rg7 46. Qc2 { Pg6 now must stay to cover Pf5} 46... Rf8 47. Qc5
Kg8 48. Bc1 Qe7 49. Bxb5 {
the B wasn't doing anything. Watch how Black uses this subtle P-chain change}
49... axb5 { } 50. Bd2 50... h5 {
Interesting move, closing Kside. Did Black already see winning plan?} 51. Rc1
Ra8 52. Ke2 Ra6 53. Rc2 Qd8 54. Be1 Re7 55. Bd2 Re6 56. Bc3 {
Black has protected all weak spots. Time to open lines!} 56... b6 57. axb6 Qxb6
58. Qxb6 Rxb6 59. Ra2 { } 59... Re7 60. Kd3 Rbb7 61. Kc2 Ra7 62. Rxa7 Rxa7 63.
Kb3 { White seems to cover all invasion points, but Black actually has a
forced win. CAN YOU FIND IT NOW??} 63... Kf7 64. Bb2 Ke6 65. Bc3 Ra4 66. Bb2
Kf7 67. Bc3 { HINT: White's b-Pawn must be protected and his B can only cover
dark squares. Can you get the Black King to infiltrate on the light squares?}
67... g5 $3 68. hxg5 Kg6 69. Kb2 69... h4 $1 70. gxh4 70... Kh5 {
Black wins the f- or h-Pawn, but how to stop White's passers?} 71. Be1 Kg4 72.
g6 72... Ra7 { White's busted} 73. Bg3 ({Also useless is} 73. Bd2 {to stop Blac
k from making a passer. After cleaning up g/h Pawns Black brings K to e4 and
wins d or f Pawn. White's King is tied to keeping R off a1-a3}) 73... Rg7 (
73... Kxg3 $4 74. h5 { and the 3 passers win!} 74... Rg7 (74... Kh4 75. h6 Kh5
76. h7 Ra8 77. g7) 75. e6 Kg4 76. e7 (76. h6 Rxg6 77. h7 (77. e7 $4 77... Rg8)
77... Rh6 78. e7) 76... Rg8 77. h6 Kh5 78. h7 Rh8 79. g7) 74. Kc3 Rxg6 75. Be1
Kf3 76. h5 76... Rh6 { } 77. Bh4 {If Bd2, Black wins as in move 73 note.
Rh7-a7-a3+ assures White K out of the defense} 77... Kxf4 78. Bd8 Kg4 79. Kd3
79... f4 { } 80. Ke2 Kf5 81. Kf3 Rxh5 82. Kf2 82... Rh3 { } 83. Bb6 Re3 84. Bc5
Kg4 85. Bd6 Re4 86. Bc5 { } 86... f3 87. Kf1 Kg3 88. Bd6 88... f2 {
A rare and fascinating endgame! Thanks, guys!!} 0-1

[Event "Rooks-Tyros"]
[Site "?"]
[Date "1998.12.09"]
[Round "?"]
[White "Suarez, E"]
[Black "Brozovich, J"]
[Result "0-1"]
[WhiteElo "1731"]
[BlackElo "1711"]
[PlyCount "168"]
[EventDate "1998.??.??"]

{White gets a promising position, but trades and Pawn weaknesses turn the tide.
} 1. d4 1... Nf6 2. c4 e6 3. Bg5 d5 4. Nf3 4... h6 { } 5. Bh4 b6 6. e3 Ba6 7.
Bxf6 7... Qxf6 { } 8. Ne5 {threat: Qa4+} (8. Qa4+ c6 9. Ne5 Bb7) 8... Bb4+ 9.
Nc3 O-O 10. Qa4 { } 10... c5 11. Be2 cxd4 12. exd4 { } 12... Bxc3+ ({
Better than} 12... Be7 {to try to preserve Bishop pair allows} 13. Nb5 {
threat: Nc7}) 13. bxc3 Bb7 14. O-O dxc4 15. f4 {
White builds attack while preparing defense of g2} 15... a6 16. Qxc4 Rc8 17.
Qd3 { f5 is in the air and the Black King has little defenders} 17... Qe7 18.
Bh5 (18. f5 { too early} 18... Nd7 (18... Qg5 19. Bf3 {leads to too many trades
} (19. Qh3 $2 19... Rxc3 $1) (19. Rf2 Nc6 20. Nc4 {with forks on b6 and d6} (
20. fxe6 $2 20... Nxe5 21. exf7+ $4 21... Nxf7)) 19... Bxf3 20. Rxf3) 19. fxe6
Nxe5 20. dxe5 Qxe6 21. Qg3) 18... Rf8 19. Rae1 19... Nd7 { } 20. Bf3 (20. Bd1 {
with idea of Bc2} 20... Nf6 21. Bc2 { } 21... Rac8 (21... Be4 22. Rxe4 Nxe4 23.
Qxe4) 22. Ng4) 20... Nf6 21. Rb1 Bxf3 22. Qxf3 {
Black has defended King and now is ready to hit the weak a2/c3 pawns} 22... b5
23. Rfe1 Qa3 24. Re2 24... Rac8 { } 25. Rb3 Qc1+ 26. Qf1 (26. Kf2 26... Nd5 {
still wins Pc3 or Pf4}) 26... Qxf1+ 27. Kxf1 27... Nd5 { White will lose a pawn
} 28. Nd7 Rfd8 29. Nc5 Nxf4 30. Rf2 Nd5 31. Nxa6 31... Nxc3 { } 32. Rc2 Nd5 33.
Rxc8 Rxc8 34. Rxb5 { } 34... Rc1+ 35. Kf2 Rc2+ 36. Kg3 Rxa2 37. Nc5 37... Rd2 {
} 38. Rb8+ Kh7 39. Rf8 Kg6 40. Nd7 Rxd4 41. Ne5+ 41... Kf6 { } 42. Nf3 {
Not Nxf7??  Ke7 wins piece} 42... Ra4 43. Rb8 Ra2 44. Rb3 g5 45. h4 Nf4 46.
hxg5+ hxg5 47. Nd4 { } 47... Ne2+ {Rg2+ was OK} 48. Nxe2 Rxe2 49. Rf3+ 49...
Kg6 { and here Black can run the e-pawn.  Black won in 30 more moves} 50. Rb3
f5 51. Kf3 Re4 52. Rb8 g4+ 53. Kf2 Rd4 54. Ke3 Rd7 55. Rg8+ Rg7 56. Re8 Kf6 57.
Rc8 e5 58. Rc6+ Kg5 59. Re6 Ra7 60. Rxe5 Ra2 61. Re8 Rxg2 62. Rg8+ Kh4 63. Rf8
Rg3+ 64. Kf2 Rf3+ 65. Kg2 Kg5 66. Rg8+ Kf4 67. Rf8 Ra3 68. Rf7 Ra2+ 69. Kf1 Ra6
70. Kg2 Kg5 71. Kg3 f4+ 72. Kf2 Ra2+ 73. Kg1 f3 74. Re7 Kh4 75. Kf1 Kg3 76. Re1
Rh2 77. Kg1 f2+ 78. Kf1 Rh1+ 79. Ke2 fxe1=Q+ 80. Kd3 Rh2 81. Kc4 Qd1 82. Kc3
Rc2+ 83. Kb3 Qb1+ 84. Ka3 Ra2# 0-1

[Event "Tyros-Rooks"]
[Site "?"]
[Date "1998.12.09"]
[Round "?"]
[White "Tamez,  I"]
[Black "Kabelac, J"]
[Result "1-0"]
[WhiteElo "2215"]
[BlackElo "2029"]
[PlyCount "59"]
[EventDate "1998.??.??"]

1. d4 d5 2. c4 dxc4 3. e3 e6 4. Bxc4 Nf6 5. Nf3 5... a6 { } 6. a4 c5 7. O-O Nc6
8. Nc3 8... Qc7 { } 9. Qd3 cxd4 10. exd4 Be7 11. Re1 11... O-O { } 12. Bg5 Nb4
13. Qe2 { } 13... Nc2 14. Qxc2 Qxc4 15. Rad1 15... h6 { } 16. Ne5 Qc7 17. Bf4
17... Nh5 { White takes the initiative just because of this misplaced N} 18.
Be3 b5 19. axb5 axb5 20. Qe2 { } 20... b4 (20... Nf6 21. Nxb5) 21. Qxh5 bxc3
22. bxc3 22... Ra5 { } 23. Bxh6 $1 23... gxh6 {
Black shouldn't take B; things now quickly get nasty} 24. Qxh6 24... Qxc3 { }
25. Re4 Rxe5 26. dxe5 26... f5 { } 27. Re3 Qb4 28. Qg6+ Kh8 29. Rh3+ 29... Bh4
{ } 30. Qh6+ 1-0

[Event "Tyros-Rooks"]
[Site "?"]
[Date "1998.12.09"]
[Round "?"]
[White "Stoltz, R"]
[Black "Green, D"]
[Result "0-1"]
[WhiteElo "1891"]
[BlackElo "1862"]
[PlyCount "68"]
[EventDate "1998.??.??"]

1. e4 c6 2. d4 d5 3. Nc3 dxe4 4. Nxe4 Bf5 5. Nc5 e5 6. Nxb7 Qxd4 7. Qxd4 exd4
8. Bf4 Bxc2 9. Nd6+ Bxd6 10. Bxd6 Nf6 11. Bc4 Ne4 12. Bf4 O-O 13. Nf3 c5 14.
Bd5 Nd7 15. Bxa8 Rxa8 16. O-O Nb6 17. b4 Nd5 18. Bc1 Nxb4 19. Nd2 Nc3 20. Re1
Bd3 21. Re5 Nbxa2 22. Kh1 Nxc1 23. Rxc1 c4 24. Nf3 Ne2 25. Ra1 f6 26. Re7 c3
27. Ne1 Bb5 28. Rb1 a6 29. Rd1 Rc8 30. Nd3 Bxd3 31. Rxd3 c2 32. Rxe2 c1=Q+ 33.
Rd1 Qxd1+ 34. Re1 Qxe1# 0-1

[Event "Tyros-Rooks"]
[Site "?"]
[Date "1998.12.09"]
[Round "?"]
[White "Blazie, Joe"]
[Black "Decman, S"]
[Result "0-1"]
[WhiteElo "1737"]
[BlackElo "1628"]
[PlyCount "112"]
[EventDate "1998.??.??"]

1. e4 g6 2. Nf3 Bg7 3. Nc3 d6 4. h3 Nf6 5. Bc4 O-O 6. O-O c5 7. d3 Nc6 8. a3 a6
9. a4 Be6 10. Bxe6 fxe6 11. Re1 Qd7 12. Bd2 Nd4 13. Nxd4 cxd4 14. Ne2 e5 15. f4
Nh5 16. fxe5 dxe5 17. Rf1 Rxf1+ 18. Qxf1 Rf8 19. Qe1 Nf4 20. Nxf4 exf4 21. Qh4
e5 22. Qg4 Qc6 23. c3 Qb6 24. Qd1 dxc3+ 25. Kh1 cxd2 26. Qxd2 f3 27. a5 Qb5 28.
Rf1 fxg2+ 29. Kxg2 Rxf1 30. Kxf1 Bf8 31. Qc2 Bc5 32. Qc4+ Qxc4 33. dxc4 Bb4 34.
Ke2 Bxa5 35. Kf3 Bb4 36. Kg4 Kf7 37. b3 h5+ 38. Kh4 Kf6 39. Kg3 Kg5 40. h4+ Kf6
41. Kg2 g5 42. hxg5+ Kxg5 43. Kh3 h4 44. Kh2 Kg4 45. Kg2 b6 46. Kh2 a5 47. Kg2
Be7 48. Kf2 Kf4 49. Kg2 Kxe4 50. Kh3 Kf3 51. c5 bxc5 52. b4 axb4 53. Kh2 b3 54.
Kh1 b2 55. Kh2 b1=Q 56. Kh3 Qh1# 0-1

[Event "Tyros-Rooks"]
[Site "?"]
[Date "1998.12.09"]
[Round "?"]
[White "Karpierz, Joe"]
[Black "Garcia, Jon"]
[Result "1/2-1/2"]
[WhiteElo "1242"]
[BlackElo "1177"]
[PlyCount "92"]
[EventDate "1998.??.??"]

1. d4 d5 2. c4 e6 3. Nc3 Bb4 4. Bd2 Nf6 5. Nf3 Nc6 6. e3 O-O 7. a3 Bxc3 8. Bxc3
Ne4 9. Qc2 f5 10. Be2 a5 11. O-O Ne7 12. Nd2 Nxc3 13. Qxc3 f4 14. e4 c6 15. a4
Bd7 16. exd5 exd5 17. Nf3 Bg4 18. Rae1 Ng6 19. Ne5 Nxe5 20. dxe5 Bxe2 21. Rxe2
Qg5 22. f3 Rae8 23. Rfe1 b6 24. e6 Re7 25. Re5 Qf6 26. cxd5 cxd5 27. Qc6 d4 28.
Qxb6 Rfe8 29. Qxa5 Rxe6 30. Rxe6 Rxe6 31. Qa8+ Kf7 32. Rxe6 Qxe6 33. Qe4 Qxe4
34. fxe4 Ke6 35. Kf2 Ke5 36. a5 d3 37. Ke1 Kxe4 38. Kd2 Kd5 39. Kxd3 Kc5 40.
b4+ Kb5 41. Ke4 g5 42. Kf3 h5 43. g3 fxg3 44. Kxg3 Ka6 45. h3 Kb5 46. Kf3 Ka6
1/2-1/2

[Event "Royals-Tyros"]
[Site "?"]
[Date "1998.12.15"]
[Round "?"]
[White "Peijffers, S"]
[Black "Stein, Peter"]
[Result "0-1"]
[WhiteElo "2057"]
[BlackElo "2221"]
[PlyCount "48"]
[EventDate "1998.??.??"]

1. e4 c5 2. Nf3 Nc6 3. c3 d5 4. exd5 Qxd5 5. d4 e5 6. dxe5 Qxd1+ 7. Kxd1 Bg4 8.
Be2 O-O-O+ 9. Ke1 Bxf3 10. Bxf3 Nxe5 11. Be2 Nf6 12. Bg5 Be7 13. Nd2 Rhe8 14.
Kf1 Nd5 15. h4 f6 16. c4 Nb4 17. Be3 Nc2 18. Rd1 Nxe3+ 19. fxe3 f5 20. g3 Bf6
21. b3 Nd3 22. g4 Nb2 23. Kf2 Nxd1+ 24. Rxd1 Bxh4+ 0-1

[Event "Tyros-Royals"]
[Site "?"]
[Date "1998.12.15"]
[Round "?"]
[White "Tamez, Isidro"]
[Black "Stinson, Marcus"]
[Result "1/2-1/2"]
[WhiteElo "2215"]
[BlackElo "1952"]
[PlyCount "144"]
[EventDate "1998.??.??"]

{This is one of the most interesting games I've ever studied!} 1. d4 1... Nf6
2. c4 e6 3. Nc3 c5 4. d5 exd5 5. cxd5 d6 6. e4 a6 7. a4 g6 8. Bg5 h6 9. Bf4
9... Bg7 { } 10. f3 {
Interesting, with idea of g4. I've only tried Nf3-d2-c4 to hit Pd6} 10... O-O
11. Qd2 11... Re8 { } 12. g4 (12. Bxh6 $2 12... Nxe4 {and 13-Qh4+ idea Qxh6})
12... Nh7 13. Bd3 (13. h4 {controls h4}) 13... Qh4+ { } 14. Bg3 Qe7 15. Nge2
Nd7 16. Kf2 { } 16... Ne5 17. Kg2 Bd7 18. b3 18... Ng5 { } 19. Raf1 {
Looking to push f4} (19. f4 $2 19... Bxg4 { } 20. fxg5 (20. Rhd1 Nxd3) 20...
Bf3+ 21. Kg1 Bxh1 22. Kxh1 (22. gxh6 Nf3+)) (19. Ng1 $2 19... Nxd3 20. Qxd3
20... Bxg4 { } 21. fxg4 Bxc3 22. Qxc3 Qxe4+ 23. Nf3 (23. Kf2 Qxh1) 23... Qe2+ {
} 24. Bf2 (24. Kg1 Nxf3+) 24... Qxf2+ 25. Kxf2 25... Ne4+ {and Black is 2 Ps up
}) 19... Rab8 $2 (19... Nxd3 {
breaks fork, removes protector of -b5, and attacker of g6/h7}) 20. Bc2 { }
20... Nh7 {avoids f4 fork} 21. h3 {Ne5 is trapped!} 21... b5 $6 22. f4 Nxg4 23.
hxg4 23... Bxg4 { A fascinating position. White is up N for 2Ps with Rs
pointing K-ward, but his minors all suck. Blacks Bs are active, has active P
moves, and can attack weak e4} 24. Bh4 Qd7 (24... f6 25. e5 dxe5 26. Bxg6) (
24... Qb7 $5 {hoping to undermine d5 (eventual -b4 and -f5) and open line to K.
Also provides a retreat for Bg4}) 25. axb5 axb5 26. Nd1 { } 26... Ra8 27. Nf2
27... Ra2 $1 {Black has annoying pins along 2nd rank} 28. Nc3 28... Rb2 { } 29.
Rb1 29... b4 {sending the N to better pastures} 30. Na4 Ra2 31. Nb6 $1 {
placing the N on a strong square for free! Watch this N dance to g3.} 31... Qb7
32. Nc4 {White takes advantage of the hanging Bg4 and Pd6} 32... Bc3 33. Qd3
33... Qd7 { } 34. Nxd6 $2 {probably misjudging Black's 35th} (34. Ne3 $1 {
attacking Bg4 & freeing Q of Bc2 defense} 34... Bh5 35. Nf1 {idea Ng3-e2-c3}) (
34. Nb6 {is interesting now because} 34... Qb7 35. Nxg4 Qxb6 36. Nxh6+ {
is possible since Black moved 32 -Bc3 (compare with move 31)}) 34... Qxd6 35.
Nxg4 35... Qxf4 { } 36. Nf2 36... Ng5 $2 (36... Be5 {
threatens 37 -g5 38 Bg3 Qg3+  39 Qxg3 Bxg3 40 Kxg3 Rxc2} 37. Rbc1) (36... Nf6 {
idea: Nh5 & Be5} 37. Bg3 37... Qg5 { } 38. Rh3 (38. Kf3 {to trap Q with Bf4}
38... Nh5)) 37. Bg3 Qf6 38. Rxh6 { } 38... Rxc2 $1 39. Qxc2 Qf3+ 40. Kh2 { }
40... Nxe4 41. Qd3 Qxd3 42. Nxd3 { Black seems to be a R down!} 42... Nxg3 $1 {
(not)} 43. Nxc5 (43. Kxg3 Re3+) 43... Nf5 { } 44. Rh3 Re2+ 45. Kh1 45... Rd2 {
to get behind the P, but...} 46. Ne4 Rd4 47. Nxc3 bxc3 48. Rxc3 48... Rxd5 {
White has rid himself of Black's best piece Bc3} 49. b4 Rb5 50. Kg2 (50. Rc5 $2
{since the Rooks attack well, and the Black R is defensive, don't offer trade!
All variations have the theme of bringing K to protect b-passer and let the
Rook(s) roam!} 50... Rb6 (50... Rxc5 51. bxc5 { } 51... Kf8 (51... Ne7 52. Rb6
Kf8 (52... Nd5 53. Rd6) 53. c6 Ke8 54. Rb8+) (51... Nd4 52. Rb6 Kf8 53. c6 Ke7
54. c7 Kd7 55. Rd6+ $1) 52. Rb7 Nd4 53. Kg2 {
is similar to game, except each side has another Rook}) 51. b5 51... Nd6 {
is similar to game, except Black back one rank}) 50... Kf8 { } 51. Rc7 (51. Kf3
Ke7 52. Ke4 Kd6 (52... Ke6 53. Rc6+ Nd6+ 54. Kd4 {and Kc3-b3}) 53. Rd1+ Ke6 54.
Rc6+ Ke7 55. Rb1 Nd6+ 56. Kd4 Kd7 57. Ra6) 51... Ne3+ 52. Kf3 52... Nd5 { } 53.
Rc4 (53. Rc5 $2 53... Rxb4) 53... Ke7 54. Ke4 Ke6 55. Kd3 55... Kd6 { } 56. Rd4
(56. Kc2 $2 {idea Kb3} 56... Ne3+) 56... Rb7 57. Kc4 Rc7+ 58. Kb3 58... Ke5 { }
59. Rbd1 (59. Rh4 g5 60. Re1+ {
forces K to decide, and White attacks the other way!}) 59... Nb6 60. b5 60...
f5 { } 61. Rd6 Rb7 62. Kb4 (62. Rxg6 Nd5 63. Rgg1 Rxb5+ 64. Kc4 { }) 62... g5
63. Rg6 63... Nd5+ { } 64. Kc5 $2 (64. Kc4 $4 64... Ne3+) (64. Ka4 $4 64...
Nc3+) (64. Ka5 { only move, and best anyhow} 64... g4 (64... Ra7+ 65. Ra6 Rg7 (
65... Rxa6+ 66. bxa6) 66. b6 f4 (66... g4 67. Ra7 Rg8 68. b7) 67. Ra7) (64...
Nc3 65. Re1+ {and 66 b6}) 65. Ka6 Re7 66. b6 Nb4+ 67. Kb5 Nc2 68. Rc1 Nd4+ 69.
Ka6 Nb3 70. Re1+) 64... Rxb5+ $1 65. Kxb5 Nc3+ 66. Kc4 Nxd1 67. Rxg5 { } 67...
Ke4 68. Rg8 Ne3+ 69. Kc3 Kf3 70. Kd3 70... f4 { } 71. Rf8 Ng2 72. Kd2 Kf2
1/2-1/2

[Event "Royals-Tyros"]
[Site "?"]
[Date "1998.12.15"]
[Round "?"]
[White "Guio, J"]
[Black "Diaz, P"]
[Result "1-0"]
[WhiteElo "1976"]
[BlackElo "2046"]
[PlyCount "107"]
[EventDate "1998.??.??"]

1. e4 c5 2. Nf3 e6 3. d4 cxd4 4. Nxd4 Nf6 5. Nc3 Bb4 6. Bd3 Nc6 7. Nxc6 bxc6 8.
e5 Nd5 9. Bd2 Qa5 10. Ne4 Bxd2+ 11. Qxd2 Qxd2+ 12. Kxd2 O-O 13. c4 Nf4 14. g3
Ng6 15. f4 f6 16. exf6 gxf6 17. Nd6 Rb8 18. b3 c5 19. Ne4 Bb7 20. Rhd1 Bxe4 21.
Bxe4 f5 22. Bg2 Kf7 23. Kc3 Ke7 24. Re1 Rb6 25. Rad1 Rfb8 26. Rd2 Ra6 27. Bh3
Kd8 28. Red1 Nf8 29. g4 fxg4 30. Bxg4 Ke7 31. f5 Rd8 32. fxe6 Nxe6 33. Rg1 Rd6
34. Rd5 Rg8 35. Rxd6 Kxd6 36. Rd1+ Ke7 37. h3 Rg5 38. a3 h5 39. Bxe6 dxe6 40.
Rd3 h4 41. b4 cxb4+ 42. axb4 Rg3 43. c5 a6 44. Kd4 Rxd3+ 45. Kxd3 e5 46. Ke3
Kd7 47. Kf3 Kc6 48. Ke4 a5 49. bxa5 Kxc5 50. Kxe5 Kb5 51. Kf5 Kxa5 52. Kg5 Kb6
53. Kxh4 Kc7 54. Kg5 1-0

[Event "Tyros-Royals"]
[Site "?"]
[Date "1998.12.15"]
[Round "?"]
[White "Stoltz, B"]
[Black "Ogasawara, L"]
[Result "1-0"]
[WhiteElo "1891"]
[BlackElo "1817"]
[PlyCount "33"]
[EventDate "1998.??.??"]

1. e4 e5 2. Nf3 Nc6 3. Bb5 a6 4. Bxc6 dxc6 5. O-O Bg4 6. h3 h5 7. d3 Qf6 8.
Nbd2 { } 8... O-O-O $2 {
Moving the K where Qxg4+ is possible, gaining tempo on defense} (8... Qg6 $2 9.
Nxe5 $1) 9. hxg4 hxg4 10. Nh2 { } 10... Nh6 (10... Qh6 11. Qxg4+ Kb8 12. Ndf3)
(10... Kb8 11. Qxg4 Qh6 12. Ndf3) 11. Nb3 { } 11... Kb8 (11... Qh4 { Nf5} 12.
Bxh6 Qxh6 13. Qxg4+ Kb8 14. Qh3) 12. g3 Qg6 13. Kg2 { } 13... f5 14. exf5 Qh5
15. Rh1 Qh3+ 16. Kg1 { } 16... Bd6 (16... Nxf5 17. Qxg4) 17. Nf1 {
Queen is trapped} 1-0

[Event "Royals-Tyros"]
[Site "?"]
[Date "1998.12.15"]
[Round "?"]
[White "Dobrovolny, Chuck"]
[Black "Brozovich, J"]
[Result "1/2-1/2"]
[WhiteElo "1757"]
[BlackElo "1711"]
[PlyCount "43"]
[EventDate "1998.??.??"]

1. e4 e6 2. d4 d5 3. Nd2 dxe4 4. Nxe4 Nf6 5. Bg5 Be7 6. Nxf6+ Bxf6 7. Bxf6 Qxf6
8. Nf3 Nd7 9. Be2 O-O 10. c3 e5 11. dxe5 Nxe5 12. Nxe5 Qxe5 13. O-O Be6 14. Re1
Rfd8 15. Qc2 Qg5 16. Rad1 Bd5 17. Bf1 Bc6 18. Rxd8+ Rxd8 19. Rd1 Rxd1 20. Qxd1
Qd5 21. Qg4 Qd7 22. Qxd7 1/2-1/2

[Event "Sears-Kemper"]
[Site "?"]
[Date "1999.01.07"]
[Round "?"]
[White "Miller, Tom"]
[Black "Siwek, Mark"]
[Result "1-0"]
[WhiteElo "1826"]
[BlackElo "2039"]
[PlyCount "113"]
[EventDate "1999.??.??"]

1. c4 e6 2. Nc3 d5 3. cxd5 exd5 4. Nf3 Nf6 5. g3 Be7 6. Bg2 O-O 7. d4 c6 8. O-O
Bf5 9. Bg5 Nbd7 10. Qd2 Ne4 11. Nxe4 Bxe4 12. Bxe7 Qxe7 13. Rac1 Rfe8 14. Rfe1
Qd6 15. Qc3 Re7 16. Nh4 Qf6 17. f3 Bg6 18. Nxg6 Qxg6 19. Rc2 Rae8 20. Qd2 Qe6
21. Kf2 Qf5 22. Kg1 Re6 23. Kf2 Rh6 24. Kg1 Qh5 25. Kf2 Nf6 26. Rc3 Qf5 27. Kg1
Rg6 28. Re3 Re6 29. Rxe6 Qxe6 30. Qf4 Qc8 31. Bh3 Qe8 32. Qe5 Qd8 33. Qf5 b6
34. Qc8 Qxc8 35. Bxc8 c5 36. Rc1 c4 37. b3 Ne8 38. bxc4 Rc6 39. Bd7 Rxc4 40.
Rxc4 dxc4 41. Bxe8 Kf8 42. Ba4 Ke7 43. Kf2 Kd6 44. e3 a6 45. Ke2 b5 46. Bc2 a5
47. e4 Kc6 48. Kd2 Kb6 49. Kc3 Kc6 50. a4 b4+ 51. Kxc4 h6 52. d5+ Kb6 53. e5 g6
54. e6 fxe6 55. dxe6 Kc6 56. Bxg6 Kd6 57. Bf5 1-0

[Event "Kemper-Sears"]
[Site "?"]
[Date "1999.01.07"]
[Round "?"]
[White "Leong, G"]
[Black "Sims, L"]
[Result "1-0"]
[WhiteElo "2011"]
[BlackElo "1837"]
[PlyCount "63"]
[EventDate "1999.??.??"]

1. e4 Nf6 2. Nc3 d5 3. e5 3... d4 { } 4. exf6 dxc3 5. fxg7 cxd2+ 6. Bxd2 6...
Bxg7 { } 7. c3 Nd7 ({I've had experience with} 7... Bf5 8. Qb3 Nd7 (8... Qc8)
9. Qxb7 { } 9... Rb8 10. Qxa7 10... Rxb2 {
Black is a Pawn down, but has development and targets}) 8. Nf3 Nf6 9. Qc2 c6
10. Be2 10... Bg4 { } 11. O-O Qc7 12. Rfd1 12... O-O-O {
I've found 0-0 safer, but upcoming 13..Rd5 is interesting!} 13. b4 { } 13...
Rd5 14. a4 Rg8 (14... Bf5 15. Qb3 15... Rhd8 { }) 15. b5 c5 16. a5 {
White can force open lines with b6, at leisure} 16... Rh5 {
threat: Bxf3, Qh2+, Qh1 mates} 17. g3 Nd5 18. b6 axb6 19. axb6 19... Nxb6 { }
20. Rdb1 Rd8 21. Bf4 21... e5 { seems to defend, but Bg4, Bg7 are loose!} 22.
Nxe5 $1 {threat: Bg4+ forking} 22... Bxe2 23. Qxe2 {
hitting loose Rh5 and Qg4+ forking Bg7} 23... Rxe5 { White is temporarily a
piece down, but Black hardly can move. The Black Queen is overloaded defending
Ng6 & Bg7} 24. Qg4+ f5 25. Qg5 25... Kb8 {
walks the King in the Bf4's pin, assuring disaster} 26. Rxb6 Rde8 27. Rab1
27... Re1+ {but pins Queen!} 28. Kg2 { } 28... Be5 29. Rxe1 Bxf4 30. Rxe8+ { }
30... Ka7 31. Qxf4 Qxb6 32. Qa4+ {is easy} 1-0

[Event "Sears-Kemper"]
[Site "?"]
[Date "1999.01.07"]
[Round "?"]
[White "Balase, Esther"]
[Black "Olsen, Art"]
[Result "1-0"]
[WhiteElo "1370"]
[BlackElo "1522"]
[PlyCount "103"]
[EventDate "1999.??.??"]

1. d4 d5 2. f4 e6 3. e3 Nf6 4. Bd3 c5 5. c3 c4 6. Be2 Ne4 7. Nf3 Be7 8. Bd2
Bh4+ 9. g3 Be7 10. O-O Nd7 11. Be1 Ndf6 12. Ne5 O-O 13. Nd2 Nxd2 14. Qxd2 Ne4
15. Qc2 f6 16. Nf3 Nd6 17. Nh4 Ne4 18. Bf3 f5 19. Ng2 Bd7 20. Bf2 Rf6 21. Bxe4
fxe4 22. Qe2 Be8 23. h4 Bg6 24. Kh2 Qe8 25. Rh1 Bh5 26. g4 Bf7 27. g5 Rf5 28.
Bg3 Bh5 29. Qf2 a5 30. a4 Rb8 31. Rhb1 b6 32. b4 axb4 33. cxb4 Qc8 34. a5 bxa5
35. bxa5 Rxb1 36. Rxb1 Bd8 37. Qa2 Qa6 38. Rb8 Rf8 39. Be1 Bf3 40. Bb4 Re8 41.
Qa4 Bh5 42. Qd7 h6 43. Rxd8 Rxd8 44. Qxd8+ Kh7 45. gxh6 Bf3 46. hxg7 Kxg7 47.
Qg5+ Kf7 48. Qe7+ Kg8 49. h5 e5 50. Qf8+ Kh7 51. Qf7+ Kh8 52. Bf8 1-0

[Event "Kemper-Sears"]
[Site "?"]
[Date "1999.01.07"]
[Round "?"]
[White "Nallathambi, Rajan"]
[Black "Wilson, Mike"]
[Result "1-0"]
[WhiteElo "1477"]
[BlackElo "1215"]
[PlyCount "64"]
[EventDate "1999.??.??"]

1. d4 b6 2. c4 Bb7 3. Nc3 d6 4. e4 e6 5. Nf3 g6 6. Be3 Nd7 7. Bd3 Bg7 8. Qd2 h6
9. O-O-O Ne7 10. h4 Qc8 11. h5 g5 12. Kb1 Rg8 13. Ne1 Qb8 14. f4 gxf4 15. Bxf4
Bxd4 16. Bxh6 Be5 17. Nf3 Bg7 18. Bxg7 Rxg7 19. h6 Rh7 20. Ng5 Rh8 21. Qf4 Rf8
22. Nh7 Ng6 23. Nf6+ Ke7 24. Qg5 Nxf6 25. Rdf1 Kd7 26. Qxf6 Qe8 27. h7 Qe7 28.
Qg7 a6 29. h8=Q Nxh8 30. Rxh8 Rxh8 31. Rxf7 Rag8 32. Rxe7+ Kc6 1-0